| 000 | 01339nam0a22003011 4500 | ||
|---|---|---|---|
| 001 | rc\2333898 | ||
| 005 | 20110829150005.9 | ||
| 035 | _a(NLR Aleph) 006677203 | ||
| 090 |
_a5045358 _c5045358 |
||
| 100 | _a20110829d1977 |||y0rusy50 ca | ||
| 101 | 0 | _arus | |
| 102 | _aRU | ||
| 105 | _ay z ||||| | ||
| 200 | 1 |
_aПроизводство и использование кормового белка _f[Д-р экон. наук, проф. Н.В. Цогоев, д-р с.-х. наук, проф. А.А. Корнилов, канд. с.-х. наук С.Р. Ледовской и др.] _gПод общ. ред. д-ра с.-х. наук, засл. деят. науки РСФСР, проф. А.А.Корнилова |
|
| 210 |
_aСтаврополь _cКн. изд-во _d1977 |
||
| 215 |
_a176 с. _d20 |
||
| 606 |
_aБобовые культуры _xВозделывание на корм _2rkp |
||
| 606 |
_aКорма белковые _2rkp |
||
| 701 | 1 |
_aКорнилов _bА. А. _gАлександр Александрович _4340 |
|
| 701 | 1 |
_aЛедовской _bС. Р. |
|
| 701 | 1 |
_aЦогоев _bН. В. _gНиколай Васильевич |
|
| 801 | 0 |
_aRU _bNLR _gpsbo |
|
| 801 | 1 |
_aRU _bELAR _2rusmarc |
|
| 852 |
_aNLR _j77-3/10171 |
||
| 899 |
_aRuMoRGB _jБ 77-27/49 |
||
| 899 |
_aRuMoRGB _jБ 77-27/50 |
||
| 942 | _cBOOK | ||
| 980 | _aNB | ||